00437 2200181 4500001002100000005001500021008004100036020002200077035001900099041000700118082000800125090001400133100002500147245001800172260003200190300001800222650001500240INLIS00000000001616620241224115055241224||||||||| | ||| |||| || |  a979-602-8179-63-8 0010-1224016166 aid0 a813 a813 SON j0 aSony Ristanta Askari00aJuragan Jambu aJakartabRIZKY GRAFISc2008 a32hlm;17x24cm 0afiksi anak